000 00890cab a2200325 4500
001 ABS49676
008 090401t1993 xxu||||| |||| 00| 0 eng d
035 _a(Sirsi) u72290
041 _aeng
100 _aPeters, R.
245 _aSafety in mines
260 _c1993
350 _a0
490 _aSolicitors` Journal
_v137(41) 29 October 1993, 1078(1)
520 _aNotes the provisions of the Management and Administration of Safety and Health at Mines Regulations 1993.
650 _aAPPROVED CODE OF PRACTICE
650 _aFIRST AID
650 _aHEALTH AND SAFETY
_96244
650 _aMANAGERS
650 _aMASHAM REGULATIONS 1993
650 _aMINE OWNERS
650 _aMINES AND QUARRIES ACT 1954
650 _aMINES
650 _aOWNERS
650 _aSAFETY
650 _aSURVEYORS
690 _aMINING AND MINERALS
942 _n0
948 _c04/03/1997
999 _c45657
_d45657